Obras cinéticas
Guardat en:
| Autor principal: | |
|---|---|
| Format: | Llibre |
| Idioma: | espanyol anglès |
| Publicat: |
Río de Janeiro
Casa Daros
2014
|
| Edició: | 1a. ed |
| Matèries: | |
| Etiquetes: |
Afegir etiqueta
Sense etiquetes, Sigues el primer a etiquetar aquest registre!
|
MARC
| LEADER | 00000cam a2200000 a 4500 | ||
|---|---|---|---|
| 001 | UCC5256 | ||
| 003 | CL-VaPUC | ||
| 008 | 180927e20140000bl |||||||||||||||||spa|d | ||
| 041 | 0 | 7 | |a spa |2 CL-VaPUC |
| 041 | 0 | 7 | |a eng |2 CL-VaPUC |
| 082 | 0 | 4 | |a 709.4 |b LEP |2 21 |
| 100 | 0 | |a Le Parc, Julio |e author |9 599553 | |
| 245 | 1 | 0 | |a Obras cinéticas |
| 246 | 1 | 0 | |a Kinetic works |
| 250 | |a 1a. ed | ||
| 300 | |a 254 p | ||
| 942 | |c BK | ||
| 945 | |d 20180927 22:58:00 |a dcastane | ||
| 260 | |a Río de Janeiro |b Casa Daros |c 2014 | ||
| 650 | 0 | |a Arte cinético |9 574595 | |
| 650 | 0 | |a Artistas latinoamericanos |9 352687 | |
| 583 | |a last modification |c 20180927 22:58:00 |k Rodrigo Vera | ||
| 999 | |c 372512 |d 372510 | ||
| 952 | |0 0 |1 0 |3 erb |4 0 |6 709_400000000000000_LEP_2014 |7 0 |8 R |9 490188 |a BIBART |b BIBART |i 5504309 |l 6 |o 709.4 LEP 2014 |p 5504309 |r 2025-03-13 |s 2024-11-07 |w 2019-11-24 |y BK_R |z Catalogado en:20180927 |k ART | ||